| 000 | 00708nam a2200229 a 4500 | ||
|---|---|---|---|
| 999 |
_c3662 _d3662 |
||
| 001 | 3662 | ||
| 003 | BD-JhCC | ||
| 005 | 20180318094320.0 | ||
| 008 | 171115s2001 bg ||||| |||| 00| 0 ben d | ||
| 020 | _a9484220068 | ||
| 035 | _a(BD-JhCC)3662 | ||
| 040 |
_aBD-JhCC _dBD-JhCC |
||
| 041 | _aben | ||
| 082 |
_a363.2 _bARA 2001 |
||
| 100 | _aআরা, ডঃ নিঘাত | ||
| 245 |
_aমাদকাসক্তির বিভীষিকা ও মুক্তির উপায় / _cডঃ নিঘাত আরা |
||
| 260 |
_aঢাকা : _bবিদ্যা প্রকাশ, _c2001. |
||
| 300 |
_a127 p. : _c21 cm. |
||
| 650 | _aCrime Prevention | ||
| 942 |
_2ddc _cBK |
||